[Event "4NCL Division 3 South"]
[Site "Milton Keynes, ENG"]
[Date "2022.06.25"]
[Round "7.92"]
[White "Gregory, Keith D F"]
[Black "Sanfey, Gregor"]
[Result "1/2-1/2"]
[WhiteElo "1951"]
[BlackElo "1748"]
[PlyCount "63"]
[EventDate "2022.06.25"]
[WhiteTeam "Wessex Some Stars B"]
[BlackTeam "Barnet Knights C"]

1. Nf3 Nf6 2. g3 g6 3. b3 Bg7 4. Bb2 d6 5. Bg2 e5 6. O-O O-O 7. c4 c6 8. d3
Nbd7 9. Nbd2 Re8 10. Qc2 d5 11. cxd5 Nxd5 12. Rac1 Kh8 13. Qb1 f5 14. Qa1 Qe7
15. a3 e4 16. dxe4 fxe4 17. Nxe4 N7f6 18. Nxf6 Bxf6 19. e4 Bxb2 20. Qxb2+ Qf6
21. Nd4 Nc7 22. f4 Ne6 23. e5 Qd8 24. Nxe6 Bxe6 25. b4 Qb6+ 26. Qf2 Red8 27.
Rc3 Rd2 28. Qxb6 axb6 29. Rf2 Rd1+ 30. Rf1 Rd2 31. Rf2 Rd1+ 32. Rf1 1/2-1/2

[Event "4NCL Division 3 South"]
[Site "Milton Keynes, ENG"]
[Date "2022.06.25"]
[Round "7.93"]
[White "Bakacsi, Zsolt"]
[Black "Marsh, Roger D W"]
[Result "1/2-1/2"]
[WhiteElo "1716"]
[BlackElo "1924"]
[PlyCount "72"]
[EventDate "2022.06.25"]
[WhiteTeam "Barnet Knights C"]
[BlackTeam "Wessex Some Stars B"]

1. d4 g6 2. c4 Bg7 3. Nc3 d6 4. e4 Nc6 5. Be3 e5 6. d5 Nce7 7. f4 exf4 8. Bxf4
Nf6 9. Nf3 Bg4 10. h3 Bxf3 11. Qxf3 O-O 12. Bg5 Nd7 13. Be2 c6 14. O-O f6 15.
Bf4 cxd5 16. cxd5 f5 17. Kh1 Ne5 18. Qe3 fxe4 19. Nxe4 Nf5 20. Qd2 Qh4 21. Kh2
Nd4 22. g3 Qd8 23. Bxe5 Bxe5 24. Rxf8+ Qxf8 25. Rf1 Qg7 26. Bg4 Rf8 27. Rxf8+
Qxf8 28. Ng5 h5 29. Be6+ Kg7 30. Kg2 Qf6 31. h4 Nf5 32. Bxf5 Qxf5 33. b3 Bf6
34. Ne6+ Kh7 35. Nf8+ Kg8 36. Ne6 Kh7 1/2-1/2

[Event "4NCL Division 3 South"]
[Site "Milton Keynes, ENG"]
[Date "2022.06.25"]
[Round "7.94"]
[White "De Coverly, Roger D"]
[Black "Angelopoulos, Nicos"]
[Result "1-0"]
[WhiteElo "1901"]
[BlackElo "1641"]
[PlyCount "51"]
[EventDate "2022.06.25"]
[WhiteTeam "Wessex Some Stars B"]
[BlackTeam "Barnet Knights C"]

1. d4 c6 2. c4 d5 3. Nf3 Nf6 4. Nc3 e6 5. Bg5 Bd6 6. c5 Be7 7. Qc2 Nbd7 8. e3
Qc7 9. Bf4 Qd8 10. h3 b6 11. b4 a5 12. b5 Bb7 13. bxc6 Bxc6 14. Nb5 O-O 15. Bc7
Qc8 16. cxb6 Bb4+ 17. Kd1 Nb8 18. a3 Be7 19. Ne5 Qb7 20. Bd3 Nfd7 21. Nxd7 Nxd7
22. Rc1 Nb8 23. Bxb8 Raxb8 24. Qxc6 Qxb6 25. Qxb6 Rxb6 26. a4 1-0

[Event "4NCL Division 3 South"]
[Site "Milton Keynes, ENG"]
[Date "2022.06.25"]
[Round "7.95"]
[White "Veselow, Zoe"]
[Black "Bellers, Chris J"]
[Result "0-1"]
[WhiteElo "1576"]
[BlackElo "1900"]
[PlyCount "156"]
[EventDate "2022.06.25"]
[WhiteTeam "Barnet Knights C"]
[BlackTeam "Wessex Some Stars B"]

1. e4 g6 2. d4 Bg7 3. Nf3 c5 4. d5 d6 5. Bd3 Na6 6. O-O Nc7 7. Qe1 b5 8. a3 Nf6
9. Nc3 Rb8 10. h3 O-O 11. Be3 a5 12. Rd1 b4 13. axb4 axb4 14. Na4 Bd7 15. b3
Nb5 16. Qd2 Qc7 17. Bh6 Rfd8 18. Bxg7 Kxg7 19. Rfe1 e5 20. dxe6 Bxe6 21. Bxb5
Rxb5 22. e5 Ne8 23. exd6 Rxd6 24. Qe2 Rb8 25. Qe5+ Kg8 26. Rxd6 Qxd6 27. Qxd6
Nxd6 28. Nxc5 Bf5 29. Nd4 h5 30. Nxf5 Nxf5 31. Re4 Rc8 32. Nd3 Rxc2 33. Rxb4
Rc3 34. Ne5 Rc1+ 35. Kh2 Rc2 36. f3 h4 37. Re4 g5 38. b4 Rc1 39. Nd3 Rd1 40.
Nf2 Rb1 41. Nh1 Kg7 42. f4 Rxh1+ 43. Kxh1 Ng3+ 44. Kg1 Nxe4 45. fxg5 Kg6 46.
Kf1 Kxg5 47. Ke2 Kf4 48. Kf1 Nc3 49. Kf2 f6 50. Ke1 Kg3 51. Kf1 Nb5 52. Kg1 Nd6
53. Kf1 Kf4 54. Kf2 Ne4+ 55. Ke2 Ke5 56. Kf3 f5 57. b5 Ng5+ 58. Kf2 Kd5 59. Ke3
Ne6 60. Kf3 Kc5 61. g4 hxg3 62. Kxg3 Kxb5 63. h4 Kc5 64. h5 Kd5 65. h6 Nf8 66.
Kf4 Ke6 67. Kf3 Kf6 68. Kf4 Ne6+ 69. Kg3 Kg6 70. h7 Kxh7 71. Kh4 Kh6 72. Kg3
Kg5 73. Kf3 Kh4 74. Kf2 Kg4 75. Kg2 Ng5 76. Kf2 f4 77. Kg1 Kg3 78. Kf1 f3 0-1

[Event "4NCL Division 3 South"]
[Site "Milton Keynes, ENG"]
[Date "2022.06.25"]
[Round "7.96"]
[White "Adaway, William"]
[Black "Angelopoulos, Andreas"]
[Result "1-0"]
[WhiteElo "1861"]
[BlackElo "1536"]
[PlyCount "101"]
[EventDate "2022.06.25"]
[WhiteTeam "Wessex Some Stars B"]
[BlackTeam "Barnet Knights C"]

{[%evp 0,101,19,31,68,48,74,76,76,33,34,26,48,51,57,38,46,26,50,6,1,1,43,22,19,
19,22,6,15,-57,-22,-60,-53,-40,-40,-62,-67,-53,-16,-61,-22,-17,-25,1,-21,-36,
-43,-33,71,13,64,60,36,45,96,112,109,105,133,117,126,116,169,166,179,141,268,
270,264,280,353,357,348,359,363,328,363,296,336,324,324,324,324,324,682,695,
698,706,853,692,709,774,773,871,961,961,977,987,1003,871,871,871,871,647]} 1.
e4 c6 2. d4 d5 3. exd5 cxd5 4. Bd3 Nc6 5. c3 g6 6. Nf3 Bg7 7. O-O Nf6 8. h3 O-O
9. Qc2 Qc7 10. Re1 b6 11. a4 Bb7 12. Na3 a6 13. Qe2 e6 14. Ne5 Nxe5 15. Qxe5
Qxe5 16. dxe5 Nd7 17. f4 Nc5 18. Bc2 Bc6 19. b3 Rfb8 20. Be3 Bf8 21. Nb1 b5 22.
axb5 axb5 23. Nd2 Na6 24. Ra5 Nc7 25. Rea1 Rxa5 26. Rxa5 Ra8 27. Rxa8 Bxa8 28.
b4 Be7 29. Nf3 Bc6 30. Bb6 Na6 31. Nd4 Bd7 32. Kf2 Bxb4 33. cxb4 Nxb4 34. Bc5
Na6 35. Bd6 b4 36. Bd3 Bc8 37. g4 h6 38. g5 h5 39. h4 Kg7 40. Ke1 Bb7 41. Kd2
Nb8 42. Bxb8 Kf8 43. Bd6+ Ke8 44. Bxb4 Bc8 45. Bb5+ Bd7 46. Nc6 Bc8 47. Nb8+
Kd8 48. Ba5+ Ke7 49. Nc6+ Ke8 50. Kd3 Bd7 51. Kd4 1-0

[Event "4NCL Division 3 South"]
[Site "Milton Keynes, ENG"]
[Date "2022.06.25"]
[Round "7.101"]
[White "Wells, Daniel J"]
[Black "Eckert, Jonathan"]
[Result "1-0"]
[WhiteElo "1996"]
[BlackElo "1721"]
[PlyCount "57"]
[EventDate "2022.06.25"]
[WhiteTeam "War and Piece A"]
[BlackTeam "CSC 2"]

1. e4 e5 2. Nf3 Nc6 3. Bb5 f5 4. d3 fxe4 5. dxe4 Nf6 6. O-O Bc5 7. Qd3 d6 8.
Qc4 Qe7 9. Nc3 a6 10. Bxc6+ bxc6 11. Be3 Be6 12. Qa4 Bxe3 13. Qxc6+ Kf7 14.
fxe3 Qd7 15. Qxd7+ Bxd7 16. Nd5 Ra7 17. c4 Re8 18. Nh4 Rb8 19. Rf2 Be6 20. Raf1
Bxd5 21. exd5 Kg8 22. Nf5 Rf8 23. g4 Raa8 24. g5 Nd7 25. Ne7+ Kh8 26. Rf7 Rxf7
27. Rxf7 Nf8 28. b4 g6 29. a4 1-0

[Event "4NCL Division 3 South"]
[Site "Milton Keynes, ENG"]
[Date "2022.06.25"]
[Round "7.102"]
[White "Grey, Nicholas D"]
[Black "Tucker, David S"]
[Result "1/2-1/2"]
[WhiteElo "1722"]
[BlackElo "1906"]
[PlyCount "94"]
[EventDate "2022.06.25"]
[WhiteTeam "CSC 2"]
[BlackTeam "War and Piece A"]

1. e4 c5 2. c3 d5 3. exd5 Qxd5 4. d4 Nc6 5. Nf3 cxd4 6. cxd4 e5 7. Nc3 Bb4 8.
Bd2 Bxc3 9. Bxc3 e4 10. Ne5 Nxe5 11. dxe5 Ne7 12. Be2 O-O 13. O-O Be6 14. Qa4
Bd7 15. Qc2 Bc6 16. Rfd1 Qe6 17. Rd6 Qf5 18. Rad1 e3 19. Bd3 Qxf2+ 20. Qxf2
exf2+ 21. Kxf2 Nd5 22. Bd4 Nf4 23. Bf1 Ne6 24. Be3 a6 25. Bc4 Rfe8 26. Bb6 Rac8
27. b3 h6 28. Bxe6 fxe6 29. Rd8 Bd5 30. Rxe8+ Rxe8 31. Rd2 Rf8+ 32. Ke3 Rc8 33.
Bd4 Rc1 34. g3 Re1+ 35. Re2 Rxe2+ 36. Kxe2 Kf7 37. h4 h5 38. Ke3 g6 39. Bc5 Ke8
40. Kd4 Kd7 41. Kd3 Kc6 42. Ba3 Bg2 43. Kd4 Bd5 44. Bc1 Bg2 45. Bd2 Bd5 46. Bc1
Bg2 47. Bd2 Bd5 1/2-1/2

[Event "4NCL Division 3 South"]
[Site "Milton Keynes, ENG"]
[Date "2022.06.25"]
[Round "7.103"]
[White "Morrison, Munroe L"]
[Black "Cooke, Charlie"]
[Result "1/2-1/2"]
[WhiteElo "1710"]
[BlackElo "1759"]
[PlyCount "53"]
[EventDate "2022.06.25"]
[WhiteTeam "War and Piece A"]
[BlackTeam "CSC 2"]

1. e4 e5 2. Nf3 Nf6 3. Nxe5 d6 4. Nf3 Nxe4 5. c4 Be7 6. Nc3 Nxc3 7. bxc3 O-O 8.
d4 Bf5 9. Bd3 Bxd3 10. Qxd3 Nd7 11. O-O Nf6 12. Rb1 b6 13. h3 Qd7 14. Bf4 Nh5
15. Bh2 g6 16. Rfd1 Rad8 17. Qc2 Qc6 18. Qd3 Rfe8 19. a4 a5 20. Rb5 Ng7 21. d5
Qd7 22. Nd4 Rc8 23. Bf4 Nh5 24. Bh6 Bf6 25. g4 Bg7 26. Bxg7 Nxg7 27. Qg3
1/2-1/2

[Event "4NCL Division 3 South"]
[Site "Milton Keynes, ENG"]
[Date "2022.06.25"]
[Round "7.105"]
[White "Turnbull, Harry"]
[Black "Denning, Julie L"]
[Result "1/2-1/2"]
[WhiteElo "1400"]
[BlackElo "1617"]
[PlyCount "71"]
[EventDate "2022.06.25"]
[WhiteTeam "War and Piece A"]
[BlackTeam "CSC 2"]

1. e4 c5 2. Nf3 d6 3. Nc3 Nf6 4. Bc4 e6 5. O-O Be7 6. b3 O-O 7. Bb2 Nc6 8. a3
a6 9. b4 b5 10. Ba2 c4 11. d4 cxd3 12. cxd3 Bb7 13. h3 Rc8 14. Rc1 Re8 15. Bb1
h6 16. d4 Nb8 17. Qd3 Nh7 18. e5 g6 19. Qe3 Ng5 20. Nxg5 Bxg5 21. f4 Be7 22.
Qg3 Bh4 23. Qe3 Qb6 24. Be4 dxe5 25. fxe5 Bg5 26. Qf3 Bxe4 27. Nxe4 Qa7 28.
Rxc8 Rxc8 29. Nxg5 hxg5 30. Bc1 Qxd4+ 31. Be3 Qxe5 32. Qxf7+ Kh8 33. Bd2 Qd4+
34. Rf2 Qa1+ 35. Kh2 Qe5+ 36. Kg1 1/2-1/2

[Event "4NCL Division 3 South"]
[Site "Milton Keynes, ENG"]
[Date "2022.06.25"]
[Round "7.111"]
[White "Lambourne, Dan M"]
[Black "Smith, Henry"]
[Result "1-0"]
[WhiteElo "1966"]
[BlackElo "1532"]
[PlyCount "77"]
[EventDate "2022.06.25"]
[WhiteTeam "MK Phoenix 2"]
[BlackTeam "Barnet Knights D"]

1. d4 Nf6 2. Nf3 e6 3. c4 b6 4. Nc3 Bb4 5. Bd2 Bb7 6. e3 O-O 7. Bd3 Bxc3 8.
Bxc3 Ne4 9. Qc2 f5 10. O-O-O a5 11. Bf1 Nxc3 12. Qxc3 Qe7 13. Ne5 Qb4 14. a3
Qxc3+ 15. bxc3 d6 16. Nd3 Nd7 17. Nf4 e5 18. Ne6 Rfc8 19. f3 h6 20. Bd3 e4 21.
fxe4 fxe4 22. Be2 Nf6 23. Rhf1 d5 24. cxd5 Nxd5 25. Kd2 Re8 26. Nf4 Kh7 27. Bh5
Re7 28. Ng6 Ree8 29. Ne5 Re6 30. Rf7 Rf6 31. Rf1 Rxf1 32. Rxf1 Nf6 33. Bg6+ Kg8
34. g4 Rd8 35. h4 Rf8 36. g5 hxg5 37. hxg5 Nd5 38. Bf7+ Kh7 39. Rh1# 1-0

[Event "4NCL Division 3 South"]
[Site "Milton Keynes, ENG"]
[Date "2022.06.25"]
[Round "7.112"]
[White "Pang, Ethan"]
[Black "Valentine, Brian J"]
[Result "0-1"]
[WhiteElo "1405"]
[BlackElo "1925"]
[PlyCount "75"]
[EventDate "2022.06.25"]
[WhiteTeam "Barnet Knights D"]
[BlackTeam "MK Phoenix 2"]

1. e4 e5 2. Nf3 Nc6 3. d4 exd4 4. Nxd4 Nf6 5. Nc3 Bb4 6. Nxc6 bxc6 7. Bd3 d5 8.
exd5 cxd5 9. O-O O-O 10. Bg5 c6 11. a3 Bd6 12. Qf3 Rb8 13. b4 Be5 14. Bxf6 Qxf6
15. Qh5 g6 16. Qh6 Bf4 17. Qxf8+ Kxf8 18. Na4 a5 19. Nc5 axb4 20. axb4 Bd6 21.
Rab1 Kg7 22. Rfe1 Bf5 23. Bxf5 Qxf5 24. Nd3 Qf6 25. Rb3 Ra8 26. Reb1 Ra2 27.
Rc1 Ra1 28. Rbb1 Rxb1 29. Rxb1 Qc3 30. Rb2 Bxb4 31. g3 c5 32. Ra2 c4 33. Nxb4
Qxb4 34. Kg2 d4 35. Kf3 Qb1 36. Ra5 Qxc2 37. Rd5 Qd3+ 38. Kg4 0-1

[Event "4NCL Division 3 South"]
[Site "Milton Keynes, ENG"]
[Date "2022.06.25"]
[Round "7.113"]
[White "Reed, Darren"]
[Black "Banerjee, Supratit"]
[Result "1-0"]
[WhiteElo "1906"]
[BlackElo "1330"]
[PlyCount "175"]
[EventDate "2022.06.25"]
[WhiteTeam "MK Phoenix 2"]
[BlackTeam "Barnet Knights D"]

1. e4 c5 2. Nc3 Nc6 3.
Bb5 Nd4 4. Bd3 d6 5. Nce2 Nc6 6. Bb5 Bd7 7. f4 Nf6 8. Bxc6 Bxc6 9. d3 g6 10.
Nf3 Bg7 11. O-O O-O 12. Qe1 c4 13. Ned4 Rc8 14. Nxc6 Rxc6 15. d4 Rc8 16. c3 d5
17. e5 Ne4 18. Nd2 Nxd2 19. Bxd2 e6 20. Be3 b5 21. Bf2 f5 22. exf6 Qxf6 23. Qe2
Rfe8 24. g3 a5 25. Qd2 Rb8 26. a3 a4 27. Rae1 Qf5 28. Kg2 h5 29. h3 Rf8 30. Bg1
Rbe8 31. Qe2 g5 32. Qxh5 gxf4 33. Qxf5 Rxf5 34. Rxf4 Rxf4 35. gxf4 Kf7 36. Bf2
Rg8 37. Kf3 Rh8 38. h4 Bf6 39. Rh1 Rh5 40. Kg4 Rh8 41. h5 Rg8+ 42. Kf3 Rh8 43.
Be3 Rh7 44. Bd2 Rh8 45. h6 Bg7 46. h7 Kg6 47. Kg4 Bh6 48. Re1 Kf6 49. Rh1 Rxh7
50. Rh5 Rh8 51. Be1 Rg8+ 52. Kf3 Rg6 53. Bh4+ Kf7 54. Bg5 Bf8 55. Kg4 Rg7 56.
Kf3 Be7 57. Kg4 Bd8 58. Rh8 Bf6 59. Rb8 Kg6 60. Rxb5 Bxg5 61. fxg5 Rh7 62. Rb6
Rh2 63. Rxe6+ Kf7 64. Rb6 Rg2+ 65. Kf4 Rf2+ 66. Ke5 Rg2 67. g6+ Rxg6 68. Rxg6
Kxg6 69. Kxd5 Kf6 70. Kxc4 Ke6 71. Kc5 Kd7 72. d5 Kc7 73. d6+ Kd7 74. Kd5 Kd8
75. Ke6 Ke8 76. d7+ Kd8 77. c4 Kc7 78. Ke7 Kc6 79. d8=Q Kc5 80. Qd5+ Kb6 81.
c5+ Kc7 82. Qd6+ Kb7 83. c6+ Kb6 84. c7+ Ka7 85. c8=N+ Kb7 86. Qd7+ Kb8 87. Nd6
Ka8 88. Qb7# 1-0

[Event "4NCL Division 3 South"]
[Site "Milton Keynes, ENG"]
[Date "2022.06.25"]
[Round "7.114"]
[White "Michener, Max"]
[Black "Whiteside, Robert"]
[Result "1/2-1/2"]
[WhiteElo "1317"]
[BlackElo "1816"]
[PlyCount "76"]
[EventDate "2022.06.25"]
[WhiteTeam "Barnet Knights D"]
[BlackTeam "MK Phoenix 2"]

1. e4 e5 2. Nc3 Nc6 3. Bc4 Nf6 4. d3 h6 5. f4 Bc5 6. Nf3 Ng4 7. Ng5 hxg5 8.
Qxg4 d5 9. f5 dxc4 10. Bxg5 Qd4 11. O-O-O Ba3 12. Bd2 Bf8 13. Nd5 Qc5 14. Nxc7+
Kd8 15. Nxa8 cxd3 16. Bg5+ f6 17. Rxd3+ Nd4 18. c3 Qc4 19. Rhd1 Ke8 20. Be3
Bxf5 21. Rxd4 Qxd4 22. Qxf5 Qxe3+ 23. Kb1 Kf7 24. Nc7 Rxh2 25. Qe6+ Kg6 26.
Qe8+ Kh7 27. Qxf8 Qxe4+ 28. Ka1 Qxg2 29. Rb1 Rh1 30. a3 Rxb1+ 31. Kxb1 Qf1+ 32.
Kc2 a5 33. Ne8 Qg2+ 34. Kb1 Qf1+ 35. Ka2 Qc4+ 36. b3 Qe2+ 37. Kb1 Qd1+ 38. Kb2
Qd2+ 1/2-1/2

[Event "4NCL Division 3 South"]
[Site "Milton Keynes, ENG"]
[Date "2022.06.25"]
[Round "7.115"]
[White "Obi, Marc On"]
[Black "Sanfey, Peter"]
[Result "1-0"]
[WhiteElo "1798"]
[BlackElo "1256"]
[PlyCount "45"]
[EventDate "2022.06.25"]
[WhiteTeam "MK Phoenix 2"]
[BlackTeam "Barnet Knights D"]

1. e4 e6 2. d4 d5 3. e5 c5 4. c3 Nc6 5. Nf3 Qb6 6. Bd3 Nh6 7. O-O cxd4 8. Nbd2
dxc3 9. bxc3 Nf5 10. Nb3 f6 11. Bxf5 exf5 12. exf6 gxf6 13. Qxd5 Qd8 14. Re1+
Be7 15. Qc4 Na5 16. Qb5+ Nc6 17. Bh6 Kf7 18. Rad1 Qb6 19. Qc4+ Kg6 20. Qh4 Rd8
21. Be3 Qc7 22. Qh6+ Kf7 23. Qxh7+ 1-0

[Event "4NCL Division 3 South"]
[Site "Milton Keynes, ENG"]
[Date "2022.06.25"]
[Round "7.116"]
[White "Pochalwar, Siddhant"]
[Black "Shaw, John S"]
[Result "0-1"]
[WhiteElo "1187"]
[BlackElo "1681"]
[PlyCount "128"]
[EventDate "2022.06.25"]
[WhiteTeam "Barnet Knights D"]
[BlackTeam "MK Phoenix 2"]

1. d4 d5 2. Bf4 Nf6 3. e3 c5 4. c3 e6 5. Nf3 Be7 6. Bd3 O-O 7. Nbd2 Nc6 8. Ne5
Qb6 9. b3 cxd4 10. cxd4 Nb4 11. Bb1 Rd8 12. a3 Nc6 13. O-O Bd7 14. Nxd7 Rxd7
15. Nf3 Rad8 16. Ne5 Nxe5 17. Bxe5 Rc8 18. Bxf6 Bxf6 19. Re1 Rdc7 20. Ba2 Qa5
21. b4 Qxa3 22. Qb1 Qc3 23. Kf1 a6 24. g3 Be7 25. Bb3 Bxb4 26. Re2 a5 27. Raa2
Qc1+ 28. Qxc1 Rxc1+ 29. Kg2 b5 30. Rec2 R1xc2 31. Rxc2 Rxc2 32. Bxc2 a4 33. Kf1
Kf8 34. Ke2 a3 35. Bb1 g5 36. Kd3 g4 37. Kc2 Be1 38. f4 gxf3 39. Kd1 f2 40. Ke2
Kg7 41. h4 h5 42. Kf1 Kf6 43. Ke2 b4 44. Ba2 Kf5 45. Kf1 Kg4 46. Kg2 Kf5 47.
Kf1 Kf6 48. Bb3 Ke7 49. Ke2 f5 50. Ba2 Kd6 51. Kf1 Kc6 52. Bb3 Kb5 53. Ke2 a2
54. Bxa2 Ka4 55. Bb1 Kb3 56. Bd3 Kc3 57. Bb1 b3 58. Bd3 f1=Q+ 59. Kxf1 Kxd3 60.
Kxe1 Kc2 61. Kf2 b2 62. Kf3 b1=Q 63. Kf2 Kd3 64. Kf3 Qf1# 0-1

[Event "4NCL Division 3 South"]
[Site "Milton Keynes, ENG"]
[Date "2022.06.25"]
[Round "7.121"]
[White "Maciol, Ryszard"]
[Black "Fancy, Stuart"]
[Result "1-0"]
[WhiteElo "2136"]
[BlackElo "1979"]
[PlyCount "77"]
[EventDate "2022.06.25"]
[WhiteTeam "Celtic Tigers 2"]
[BlackTeam "Hackney Returns"]

1. d4 Nc6 2. Nf3 d5 3. Bf4 Bf5 4. e3 e6 5. Be2 Bd6 6. Bg3 Nf6 7. O-O Ne4 8. c4
O-O 9. Bh4 Be7 10. Bxe7 Qxe7 11. cxd5 exd5 12. Qb3 Qd6 13. Rc1 b6 14. Nc3 Na5
15. Qd1 Rfd8 16. Nb5 Qb4 17. Nxc7 Rac8 18. Ba6 Rb8 19. b3 Bg4 20. Qe1 Qd6 21.
Ne5 Bd7 22. Nb5 Qe6 23. Nd3 Nc6 24. Nf4 Qf5 25. Nc3 Nb4 26. Be2 g5 27. Nxe4
dxe4 28. Nh5 a5 29. Ng3 Qg6 30. Qd2 Bc6 31. Bg4 Bd7 32. Bh5 Qe6 33. Be2 Bc6 34.
a3 Nd5 35. b4 axb4 36. axb4 f5 37. Nxf5 Qxf5 38. Rxc6 Rf8 39. Bc4 1-0

[Event "4NCL Division 3 South"]
[Site "Milton Keynes, ENG"]
[Date "2022.06.25"]
[Round "7.122"]
[White "Conway, Paul Bernard"]
[Black "Kouis, Marios"]
[Result "0-1"]
[WhiteElo "1832"]
[BlackElo "2170"]
[PlyCount "64"]
[EventDate "2022.06.25"]
[WhiteTeam "Hackney Returns"]
[BlackTeam "Celtic Tigers 2"]

1. e4 c5 2. Nf3 Nc6 3. Nc3 d6 4. h3 Nf6 5. Bc4 e6 6. d3 a6 7. a3 Be7 8. O-O O-O
9. Ba2 b5 10. Ne2 Bb7 11. Bf4 Qc7 12. c3 Ne5 13. Ng3 Rfd8 14. Re1 c4 15. dxc4
Nxc4 16. Qc2 Rac8 17. Rad1 Qb8 18. Bb1 Qa8 19. Bg5 h6 20. Bxf6 Bxf6 21. Nh5 Be5
22. Nxe5 dxe5 23. Qe2 Rxd1 24. Rxd1 Rd8 25. Rxd8+ Qxd8 26. Ba2 Nxb2 27. Kh2 Na4
28. Qg4 Qg5 29. Bxe6 fxe6 30. Qxe6+ Kh7 31. Ng3 Qf4 32. f3 Nxc3 0-1

[Event "4NCL Division 3 South"]
[Site "Milton Keynes, ENG"]
[Date "2022.06.25"]
[Round "7.123"]
[White "Kitchen, Peter J"]
[Black "Field, Matthew"]
[Result "1-0"]
[WhiteElo "1880"]
[BlackElo "1450"]
[PlyCount "114"]
[EventDate "2022.06.25"]
[WhiteTeam "Celtic Tigers 2"]
[BlackTeam "Hackney Returns"]

1. Nf3 d5 2. d4 Nf6 3. c4 c6 4. Qc2 e6 5. g3 Nbd7 6. Bg2 Be7 7. O-O dxc4 8. Rd1
O-O 9. Qxc4 Nb6 10. Qc2 Nfd7 11. e4 c5 12. Be3 cxd4 13. Bxd4 Bf6 14. Na3 Bxd4
15. Nxd4 a6 16. Rac1 Qf6 17. Qc7 Qe5 18. f4 Qxc7 19. Rxc7 e5 20. Nf5 exf4 21.
gxf4 Rb8 22. e5 g6 23. Ne7+ Kg7 24. Nxc8 Rfxc8 25. Rxc8 Rxc8 26. Bxb7 Rc7 27.
Bxa6 h5 28. Bb5 Nf8 29. Rd6 Nbd7 30. Nc4 Nc5 31. Rc6 Rxc6 32. Bxc6 Nd3 33. a4
Nxf4 34. a5 Ne2+ 35. Kf2 Nd4 36. Ba4 Nfe6 37. b4 Nc7 38. Nd6 g5 39. b5 Nde6 40.
b6 Na6 41. Bb5 Nec5 42. Ne8+ Kg6 43. Nc7 Nb4 44. a6 Nbxa6 45. Nxa6 Nb7 46. Bc6
Nd8 47. Ba8 Kf5 48. Nb4 Kxe5 49. Nc6+ Nxc6 50. Bxc6 Kd6 51. Be8 f6 52. Bxh5 Kc6
53. Kf3 Kxb6 54. Ke4 Kc7 55. Kf5 Kd7 56. Kxf6 g4 57. Bxg4+ Ke8 1-0

[Event "4NCL Division 3 South"]
[Site "Milton Keynes, ENG"]
[Date "2022.06.25"]
[Round "7.124"]
[White "Bar-Tal, Shir"]
[Black "Macleod, Andrew"]
[Result "0-1"]
[WhiteElo "1323"]
[BlackElo "1639"]
[PlyCount "52"]
[EventDate "2022.06.25"]
[WhiteTeam "Hackney Returns"]
[BlackTeam "Celtic Tigers 2"]

1. e4 e6 2. d4 d5 3. exd5 exd5 4. Bd3 Bd6 5. c3 Ne7 6. Nf3 Bg4 7. Nbd2 Nbc6 8.
O-O Qd7 9. Qa4 O-O-O 10. b4 b6 11. Bb5 f6 12. Re1 Kb8 13. Rxe7 Qxe7 14. Bxc6
Bd7 15. Bb2 g5 16. Re1 Qf7 17. Bxd7 Rxd7 18. Nb3 Re7 19. Rb1 Qh5 20. Nc5 g4 21.
Qc6 bxc5 22. bxc5 Qf5 23. Nd2 Qxb1+ 24. Nf1 Bxh2+ 25. Kxh2 Qxb2 26. Qxf6 Rhe8
0-1

[Event "4NCL Division 3 South"]
[Site "Milton Keynes, ENG"]
[Date "2022.06.25"]
[Round "7.125"]
[White "Perchard, Matthew"]
[Black "Ellis, Bryan Timothy"]
[Result "1-0"]
[WhiteElo "1446"]
[BlackElo "1249"]
[PlyCount "35"]
[EventDate "2022.06.25"]
[WhiteTeam "Celtic Tigers 2"]
[BlackTeam "Hackney Returns"]

1. e4 e6 2. d4 d5 3. Nd2 Nf6 4. e5 Nfd7 5. Ndf3 c5 6. c3 Nc6 7. Bd3 cxd4 8.
cxd4 Qa5+ 9. Bd2 Bb4 10. Ne2 Bxd2+ 11. Nxd2 Qb6 12. Nb3 Qb4+ 13. Qd2 O-O 14.
O-O a5 15. Qe3 a4 16. Nd2 Qxb2 17. Rab1 Qa3 18. Bxh7+ 1-0

[Event "4NCL Division 3 South"]
[Site "Milton Keynes, ENG"]
[Date "2022.06.25"]
[Round "7.126"]
[White "Saunois, Anthony"]
[Black "Osseiran, Nadim"]
[Result "1/2-1/2"]
[WhiteElo "1133"]
[BlackElo "1233"]
[PlyCount "71"]
[EventDate "2022.06.25"]
[WhiteTeam "Hackney Returns"]
[BlackTeam "Celtic Tigers 2"]

1. d4 f5 2. c4 Nf6 3. Nc3
e6 4. Nf3 Bb4 5. a3 Bxc3+ 6. bxc3 b6 7. g3 Bb7 8. Bg2 O-O 9. O-O d6 10. d5 exd5
11. Nd4 Qc8 12. Qc2 Ne4 13. f3 Nc5 14. f4 Ne4 15. g4 g6 16. gxf5 gxf5 17. Qd3
Nc6 18. Nxc6 Bxc6 19. cxd5 Bd7 20. Bb2 Qe8 21. c4 Qg6 22. Kh1 Nf6 23. Qg3 Qxg3
24. hxg3 Ne4 25. Bxe4 fxe4 26. g4 Bxg4 27. Rg1 h5 28. e3 Kh7 29. Kh2 Rg8 30.
Kg3 Bf3+ 31. Kh4 Rxg1 32. Rxg1 Rg8 33. Rg5 Rxg5 34. fxg5 Kg6 35. Bf6 a6 36. Bd8
1/2-1/2

[Event "4NCL Division 3 South"]
[Site "Milton Keynes, ENG"]
[Date "2022.06.25"]
[Round "7.131"]
[White "Lim, Mark"]
[Black "Smith, Steven J"]
[Result "1-0"]
[WhiteElo "1763"]
[BlackElo "1836"]
[PlyCount "71"]
[EventDate "2022.06.25"]
[WhiteTeam "Cambridge University 3"]
[BlackTeam "Wessex Some Stars C"]

1. d4 Nf6 2. Nf3 g6 3. c4 Bg7 4. Nc3 d5 5. cxd5 Nxd5 6. e4 Nxc3 7. bxc3 c5 8.
Be3 Qa5 9. Qd2 O-O 10. Rb1 cxd4 11. cxd4 Qxd2+ 12. Kxd2 Nc6 13. d5 Na5 14. Bd3
Bd7 15. Bc5 Rfd8 16. Bxe7 Ba4 17. Rhc1 b5 18. g4 Nc4+ 19. Bxc4 bxc4 20. e5 Bd7
21. h3 h5 22. g5 Bxh3 23. Bf6 Bxf6 24. gxf6 Bg2 25. Rc3 Re8 26. Re1 Rab8 27.
Ke3 Rb2 28. Ra3 Rb7 29. Kd4 Bxf3 30. Rxf3 Rb2 31. e6 Rxa2 32. Kxc4 Rc2+ 33. Kd4
Ra2 34. e7 h4 35. Kc5 Rc2+ 36. Kd6 1-0

[Event "4NCL Division 3 South"]
[Site "Milton Keynes, ENG"]
[Date "2022.06.25"]
[Round "7.132"]
[White "Deacon, David J"]
[Black "Phillips, William"]
[Result "1/2-1/2"]
[WhiteElo "1676"]
[BlackElo "1810"]
[PlyCount "29"]
[EventDate "2022.06.25"]
[WhiteTeam "Wessex Some Stars C"]
[BlackTeam "Cambridge University 3"]

1. d4 Nf6 2. c4 e6 3. Nf3 b6 4. g3 Bb7 5. Bg2 Be7 6. O-O O-O 7. Nc3 d5 8. cxd5
Nxd5 9. Nxd5 Bxd5 10. Bf4 Bd6 11. Bxd6 cxd6 12. Qd2 Nd7 13. Rfc1 Nf6 14. Ne1
Bxg2 15. Kxg2 1/2-1/2

[Event "4NCL Division 3 South"]
[Site "Milton Keynes, ENG"]
[Date "2022.06.25"]
[Round "7.133"]
[White "Breed, Greg J"]
[Black "Cuthbert, Larissa"]
[Result "1-0"]
[WhiteElo "1754"]
[BlackElo "1298"]
[PlyCount "103"]
[EventDate "2022.06.25"]
[WhiteTeam "Cambridge University 3"]
[BlackTeam "Wessex Some Stars C"]

1. d4 Nf6 2. c4 g6 3. Nc3 Bg7 4. Nf3 O-O 5. e4 d6 6. Bd3 e5 7. d5 Nbd7 8. O-O
a5 9. h3 Nc5 10. Be3 Re8 11. Bc2 Bd7 12. a3 Na6 13. Qd2 Qc8 14. Kh2 Kh8 15.
Rab1 Rb8 16. b4 axb4 17. axb4 b5 18. cxb5 Bxb5 19. Nxb5 Rxb5 20. Ba4 Rb8 21.
Bxe8 Qxe8 22. Qc2 Qd7 23. Qc4 Qc8 24. Rfc1 Kg8 25. b5 Nc5 26. Bxc5 dxc5 27.
Nxe5 Bh6 28. Nc6 Qe8 29. Re1 Rb6 30. e5 Nh5 31. e6 Nf6 32. exf7+ Qxf7 33. Qxc5
Nxd5 34. Qxd5 Qxd5 35. Ne7+ Kf7 36. Nxd5 Rb7 37. Re7+ Kg8 38. g3 Bg5 39. Rxc7
Rb8 40. b6 Bd8 41. Rd7 h5 42. b7 Bg5 43. Ne7+ Bxe7 44. Rxe7 Kf8 45. Rc7 Kg8 46.
Rc8+ Rxc8 47. bxc8=Q+ Kh7 48. Rb7+ Kh6 49. Qg8 Kg5 50. Rf7 h4 51. f4+ Kh6 52.
Rh7# 1-0